| 000 | 02004nam0a2200373 4500 | ||
|---|---|---|---|
| 001 | RU\NLR\bibl\1245619 | ||
| 005 | 20241119172517.0 | ||
| 020 |
_aRU _b08-6796 _9Летопись авторефератов диссертаций |
||
| 021 |
_aRU _b2008-3224а _9129а |
||
| 035 | _a(NLR Aleph) 001231773 | ||
| 090 |
_a203041 _c203041 |
||
| 100 | _a20080519d2008 u u0rusy50 ca | ||
| 101 | 0 | _arus | |
| 102 | _aRU | ||
| 105 | _aa dm ||||| | ||
| 135 | _acrgn 008aaaba | ||
| 200 | 1 |
_aОрганизационно-экономический механизм модернизации производственно-хозяйственной системы регионального АПК _e(на примере Краснодарского края) _eавтореф. дис. на соиск. учен. степ. канд. экон. наук _eспециальность 08.00.05 <Экономика и упр. нар. хоз-вом> _fЦелин Денис Сергеевич _g[Адыгейс. гос. ун-т] |
|
| 210 |
_aМайкоп _d2008 |
||
| 215 |
_a23 с. _cил. _d21 |
||
| 320 | _aБиблиогр.: с. 23 (5 назв.) | ||
| 325 | _aКопия доступна в Электрон. б-ке РНБ | ||
| 610 | 0 | _aКраснодарский край, экон. науки | |
| 675 |
_a332 _v3 _zrus |
||
| 686 |
_a06.61 _2rugasnti |
||
| 686 |
_a65 _2rubbk |
||
| 686 |
_a08.00.05 _2oksvnk |
||
| 700 | 1 |
_aЦелин _bД. С. _gДенис Сергеевич _4070 |
|
| 801 | 0 |
_aRU _bRKP _c20080519 _gPSBO |
|
| 801 | 1 |
_aRU _bRKP _c20080519 |
|
| 801 | 2 |
_aRU _bNLR _c20080625 _grcr |
|
| 901 | _eАвторефераты | ||
| 942 | _cBOOK | ||
| 981 | 1 | 0 |
_a(10) Авторефераты _b(10) 08.00.00 Экономические науки _b08.00.05 Экономика и управление народным хозяйством (по отраслям и сферам деятельности) |